000 00744cam a2200241 a 4500
001 268
003 BR-CuiBMT
005 20231030203105.0
008 230914s2015 mgb 000 0 por d
020 _a9788545000938
040 _aBR-CuiBMT
_cBR-CuiBMT
080 _22007
_a342.4
090 _a342.4
_bC672g
100 1 _aCoêlho, Marcus Vinicius Furtado,
_d1972-
245 1 0 _aGarantias constitucionais e segurança jurídica /
_cMarcus Vinicius Furtado Coêlho ; prefácio Ricardo Lewandowski.
260 _aBelo Horizonte :
_bFórum,
_c2015.
300 _a159 p. ;
_c22 cm
504 _aInclui bibliografia.
650 _aDireito constitucional
650 _aDireito processual civil
650 _aSegurança jurídica
942 _2udc
_cLV
999 _c268
_d268